LIBRARY & INFORMATION CENTRE, KCAET, TAVANUR

ONLINE PUBLIC ACCESS CATALOGUE (OPAC)

Food from dry lands : An entegrated approach to planning of agricultureal development / (Record no. 3264)

MARC details
000 -LEADER
fixed length control field 00532cam a2200193ua 4500
041 ## - LANGUAGE CODE
Language code of text/sound track or separate title eng
082 ## - DEWEY DECIMAL CLASSIFICATION NUMBER
Classification number 630.301
Item number ALB/FO
100 ## - MAIN ENTRY--AUTHOR NAME
Personal name Alberda , T .
245 ## - TITLE STATEMENT
Title Food from dry lands : An entegrated approach to planning of agricultureal development /
250 ## - EDITION STATEMENT
Edition statement 1 /
260 ## - PUBLICATION, DISTRIBUTION, ETC. (IMPRINT)
Place of publication :
Name of publisher Kluwer Academic Publishers ,
Year of publication 1992.
300 ## - PHYSICAL DESCRIPTION
Number of Pages 211 ; .
700 1# - ADDED ENTRY--PERSONAL NAME
Personal name Keulen, H .
700 1# - ADDED ENTRY--PERSONAL NAME
Personal name Seligman, N G .
700 1# - ADDED ENTRY--PERSONAL NAME
Personal name Wit, C T .
942 ## - ADDED ENTRY ELEMENTS (KOHA)
Koha item type Books
Holdings
Withdrawn status Lost status Damaged status Home library Current library Date acquired Full call number Accession Number Koha item type
      KAUAET KAUAET 07/04/2012 630.301 18426 Books
free website counter